000
00295nam a2200121Ia 4500
005
20260326100030.0
008
260326s9999||||xx |||||||||||||| ||und||
100
_a
Escala
245
0
_a
Casas :
_b
Nuevas propuestas /
_c
Escala
260
_b
Escala
650
_a
ARQUITECTURA RESIDENCIAL
942
_c
BK
999
_c
6563
_d
6563